000 00920nam a2200241Ia 4500
008 130821s1998 sp gs spa
020 _a8489763364
040 _aCo-BoUCM
_bspa
041 0 0 _aspa
092 _aCD 0104
110 _aFundación Histórica Tavera
245 0 0 _aObras clásicas de lenguas indígenas de Filipinas
_cCompilador, Regalado Trota José.
260 _aMadrid (España)
_bLa Fundación
_c1998
300 _a1 CD-ROM
490 _aColección Clásicos Tavera.
_v15
_aSerie IX. Fuentes lingüísticas indígenas
505 _a14 documentos sobre la historia de las lenguas indígenas en Filipinas de varios autores.
650 0 4 _aLenguas indígenas
_xHistoria
_zFilipinas
_vCD-ROM
_918397
650 0 4 _aLingüística aplicada
710 _aArchivo Franciscano Ibero-Oriental
710 _aBiblioteca Nacional de España
710 _aFundación Santiago
942 _cMULTIMEDIA
_2LOCAL
_a12
_e1
999 _c30768
_d30768